1983 air pollution measurements of the South Carolina air quality surveillance network. (Record no. 18735)

000 -LEADER
fixed length control field 00509cam a2200157 a 4500
040 ## - CATALOGING SOURCE
Transcribing agency DLC
082 00 - DEWEY DECIMAL CLASSIFICATION NUMBER
Classification number 363 SCE 1984 C152 Or.
245 00 - TITLE STATEMENT
Title 1983 air pollution measurements of the South Carolina air quality surveillance network.
260 ## - PUBLICATION, DISTRIBUTION, ETC. (IMPRINT)
Place of publication [Columbia] :
Name of publisher South Carolina Dept. of Health and Environmental Control,
Year of publication [1984?]
300 ## - PHYSICAL DESCRIPTION
Number of Pages 24 leaves ;
Dimensions 28 cm.
500 ## - GENERAL NOTE
General note Cover title.
650 #0 - SUBJECT ADDED ENTRY--TOPICAL TERM
Topical Term Air quality
650 #0 - SUBJECT ADDED ENTRY--TOPICAL TERM
Topical Term Air quality monitoring stations
710 1# - ADDED ENTRY--CORPORATE NAME
Corporate name or jurisdiction name as entry element South Carolina.
942 ## - ADDED ENTRY ELEMENTS (KOHA)
Koha item type ADB
952 ## - LOCATION AND ITEM INFORMATION (KOHA)
Withdrawn status [LOCAL, KOHA] 0
Holdings
Koha item type Source of acquisition Lost status Permanent Location Current Location Date acquired Full call number
សៀវភៅភាសាអង់គ្លេសA33789 Library Block CLibrary Block C2020-01-17363 SCE 1984 C152 Or.
មជ្ឈមណ្ឌលឯការនៃសាកលវិទ្យាល័យភូមិន្ទកសិកម្មចំការដូង

Powered by Koha